Top Countries for Origin of Horse Breeds - Statistics

General Stats
  • This quiz has been taken 37 times
  • The average score is 8 of 10
Answer Stats
Breeds Country % Correct
31 France
97%
24 Germany
97%
23 United Kingdom
97%
17 Spain
94%
29 Italy
84%
18 Russia
84%
11 India
68%
9 Belgium
61%
10 Japan
55%
9 Brazil
45%
No matching quizzes found
Score Distribution
Percent of People with Each Score
Percentile by Number Answered
Your Score History
You have not taken this quiz